Analytický pohľad na rôzne scenáre vývoja kryptomien

Rôzne scenáre vývoja kryptomien, ktoré môžu významným spôsobom ovplyvniť budúcnosť bankovníctva, finančných trhov a celej svetovej ekonomiky. Pravdepodobnosť rôznych scenárov je rôzna, no nemožno vylúčiť ani prasknutie kryptomenovej bubliny, ani enormný rast hodnoty kryptomien do budúcnosti, ktorý...

Descripción completa

Guardado en:
Detalles Bibliográficos
Autor principal: Vravec, Ján
Formato: Capítulo de libro
Lenguaje:eslovaco
Materias:
Etiquetas: Agregar Etiqueta
Sin Etiquetas, Sea el primero en etiquetar este registro!

MARC

LEADER 00000nla a2200000 4500
001 0242101
005 20260205071158.3
041 0 |a slo 
044 |a SK 
245 1 0 |a Analytický pohľad na rôzne scenáre vývoja kryptomien  |c Ján Vravec 
520 |a Rôzne scenáre vývoja kryptomien, ktoré môžu významným spôsobom ovplyvniť budúcnosť bankovníctva, finančných trhov a celej svetovej ekonomiky. Pravdepodobnosť rôznych scenárov je rôzna, no nemožno vylúčiť ani prasknutie kryptomenovej bubliny, ani enormný rast hodnoty kryptomien do budúcnosti, ktorý predstavuje tiež jeden z reálnych scenárov. V blízkej budúcnosti môžu kryptomeny dosiahnuť veľký rast hodnoty, ale môžu znamenať aj totálny krach a stratu dôvery na dlhé obdobia. Hodnota kryptomien je vo veľkej miere determinovaná ich popularitou, dôveryhodnosťou a praktickou využiteľnosťou do budúcnosti. 
610 2 0 |a mena virtuálna 
610 2 0 |a trh finančný 
610 2 0 |a banky 
610 2 0 |a riziko finančné 
100 1 |a Vravec, Ján